Alliterative TV Shows II Quiz Stats

 Plays Quiz Updated Apr 26, 2019

Score 0/22 Timer 12:00
9 Plays Today
% Correct
Judge Judy
95.7%
SpongeBob SquarePants
93.7%
Bob's Burgers
90.6%
Fantastic Four
85.1%
Duck Dynasty
83.9%
Rachael Ray
76.9%
Peppa Pig
74.5%
Blue Bloods
71.4%
Teen Titans
70.4%
Mad Money
41.7%
To Tell the Truth
39.5%
% Correct
Guy's Grocery Games
33.5%
Peyton Place
29%
Ancient Aliens
28.4%
Early Edition
27.9%
Drop Dead Diva
26.2%
Buffalo Bill
21.5%
Being Bobby Brown
19.6%
Washington Week
16.5%
Silk Stalkings
13.7%
Russian Roulette
10.9%
Zoobilee Zoo
8.5%

You're not logged in!

Compare scores with friends on all Sporcle quizzes.
OR
Log In

Sporcle TV

Today on Sporcle TV


Watch our educational content, quiz creation guides, and fun videos on Sporcle TV.

Show Comments

Extras

Top Quizzes Today


Score Distribution

Your Account Isn't Verified!

In order to create a playlist on Sporcle, you need to verify the email address you used during registration. Go to your Sporcle Settings to finish the process.

Report this User

Report this user for behavior that violates our Community Guidelines.

Details: